000 00368cam a22001337a 4500
008 180718b1973 xxu||||| |||| 00| 0 eng d
082 _aA6x5404 R812
100 _aRoy, M.P.
245 _aOrigin growth and suppression of the Pindaris
_cby M.P. Roy
260 _aDelhi
_bSterling
_c1973
300 _a355p.
500 _aRs.55.00
650 _aIndia - History - 1674-1818
999 _c352940
_d352940